Normale Ansicht MARC-Ansicht ISBD

Morgens Omelette im Bistro, abends Whiskey an der Bar. (Titelsatznr. 370979)

[ MARC ]
MARC-Details
000 -Satzkennung
Kontrollfeld mit fester Länge 00812nam a22001937a 4500
008 - Feld mit fester Länge zur physischen Beschreibung - Allgemeine Angaben
Kontrollfeld mit fester Länge 201130b ||||| |||| 00| 0 eng d
040 ## - Katalogisierungsquelle
Katalogisierungssprache ger
Übertragungsstelle DE-2950
Beschreibungsfestlegungen rda
Original-Katalogisierungsstelle DE-2950
041 ## - Sprachcode
Sprachcode des Textes/der Tonspur oder des separaten Titels ger
100 ## - Person oder Familie als 1. geistiger Schöpfer
Personenname Mahlke, Lisa:
245 ## - Titel
Haupttitel Morgens Omelette im Bistro, abends Whiskey an der Bar.
Titelzusatz Immobilien: Studenten wohnen schon seit einer Weile auf den Ferdinandshöfen in Frankfurt. Das ehemalige Heizhaus in der Mitte des Ensembles steht bislang noch leer./
Verantwortlichkeitsangabe Lisa Mahlke
264 ## - Veröffentlichungsangabe, Vertriebsangabe, Herstellungsangabe
Erscheinungs-, Vertriebs-, Herstellungsdatum 2021
653 ## - Lokales Schlagwort
Nicht-normierter Term Frankfurt (Oder)
653 ## - Lokales Schlagwort
Nicht-normierter Term Ferdinandshöfe / Bar / Bistro
773 ## - Übergeordnete Einheit
Ort, Verlag und Erscheinungsjahr Frankfurt (Oder): Märkisches Verlags- und Druckhaus GmbH & Co KG
Verknüpfungsangaben 32. Jahrgang (2021) Nr. 243 vom 18.10.2021, S. 11
Titel Märkische Oderzeitung
942 ## - Zusätzliche Felder (Koha)
Koha-Medientyp Aufsätze
Exemplare
Ausgeschieden Verloren Beschädigt Nicht entleihbar Permanenter Standort Aktueller Standort Aufstellungsort Eingabedatum Anzahl Ausleihen Signatur Letzte Aktivität Preis gültig von Medientyp
        Stadtarchiv Frankfurt (Oder) | Archivbibliothek Stadtarchiv Frankfurt (Oder) | Archivbibliothek Magazin 18/10/2021   Z2 18/10/2021 18/10/2021 Aufsätze